[Event "Madrid-ch 2018-2019 - Previa A"]
[Site "Madrid ESP"]
[Date "2019.02.05"]
[Round "3.19"]
[White "Roldan Garcia, Angel"]
[Black "Villodre Miranda, Juan Alonso"]
[Result "1/2-1/2"]
[WhiteElo "1794"]
[BlackElo "1603"]
[PlyCount "74"]
[EventDate "2019.02.04"]
[EventType "swiss"]
[EventRounds "9"]
[EventCountry "ESP"]
[SourceTitle "Ajedrez en Madrid"]
[Source "lmi"]
[SourceDate "2019.02.04"]
[SourceVersion "1"]
[SourceVersionDate "2019.02.22"]
[SourceQuality "1"]

1. e4 g6 2. d4 Bg7 3. Nc3 c6 4. Nf3 h6 5. Be3 e6 6. Bd3 d5 7. O-O dxe4 8. Nxe4
Nf6 9. c3 O-O 10. Ng3 Nbd7 11. h3 Re8 12. Qd2 Kh7 13. Rfe1 Nd5 14. Qc2 Nxe3 15.
Rxe3 Nb6 16. Ne5 f5 17. Ree1 Nd7 18. Rad1 Nxe5 19. dxe5 Qc7 20. Qe2 b6 21. Bc4
a5 22. a4 Bf8 23. Qd3 Be7 24. Qc2 Rb8 25. Qb3 Bc5 26. Qc2 b5 27. axb5 cxb5 28.
Bd3 b4 29. cxb4 Bb6 30. Qxc7+ Bxc7 31. Rc1 Re7 32. bxa5 Bxa5 33. Re2 Ra7 34.
Bc4 Rc7 35. Rcc2 Rc5 36. b3 Bc7 37. f4 g5 1/2-1/2

[Event "Madrid-ch 2018-2019 - Previa A"]
[Site "Madrid ESP"]
[Date "2019.02.05"]
[Round "3.20"]
[White "Cruz Gonzalez, Antonio"]
[Black "Cujba, Anca-Claudia"]
[Result "0-1"]
[WhiteElo "1790"]
[BlackElo "1576"]
[PlyCount "42"]
[EventDate "2019.02.04"]
[EventType "swiss"]
[EventRounds "9"]
[EventCountry "ESP"]
[SourceTitle "Ajedrez en Madrid"]
[Source "lmi"]
[SourceDate "2019.02.04"]
[SourceVersion "1"]
[SourceVersionDate "2019.02.22"]
[SourceQuality "1"]

1. e4 Nc6 2. d4 d5 3. e5 Bf5 4. c3 f6 5. Bb5 fxe5 6. dxe5 e6 7. Bxc6+ bxc6 8.
Nf3 Bc5 9. O-O Ne7 10. Nbd2 O-O 11. Nb3 Bb6 12. Nbd4 Bg4 13. h3 Bxd4 14. hxg4
Bb6 15. Bg5 Qe8 16. Qd2 h5 17. gxh5 Nf5 18. Nd4 Qxh5 19. Nxf5 Rxf5 20. Bf4 Qh4
21. Rfe1 Qxf4 0-1

[Event "Madrid-ch 2018-2019 - Previa A"]
[Site "Madrid ESP"]
[Date "2019.02.05"]
[Round "3.21"]
[White "Gortazar Rubial, Javier Maria"]
[Black "Corral Aragon, Juan Maria"]
[Result "1/2-1/2"]
[WhiteElo "1601"]
[BlackElo "1789"]
[PlyCount "121"]
[EventDate "2019.02.04"]
[EventType "swiss"]
[EventRounds "9"]
[EventCountry "ESP"]
[SourceTitle "Ajedrez en Madrid"]
[Source "lmi"]
[SourceDate "2019.02.04"]
[SourceVersion "1"]
[SourceVersionDate "2019.02.22"]
[SourceQuality "1"]

1. e4 c6 2. d4 d5 3. exd5 cxd5 4. Bd3 Nf6 5. Bf4 Nc6 6. c3 Qb6 7. Qc2 g6 8. Nf3
Bg7 9. Nbd2 Nh5 10. Be3 Qc7 11. O-O Bd7 12. Rfe1 O-O 13. h3 Rac8 14. Rac1 Nf4
15. Bf1 Bf5 16. Qb3 Na5 17. Qd1 Nd3 18. Bxd3 Bxd3 19. Nf1 Ba6 20. Bg5 f6 21.
Bh4 Nc4 22. Bg3 Qd7 23. Qc2 Bh6 24. Rb1 Rce8 25. Ne3 Bxe3 26. fxe3 e5 27. dxe5
fxe5 28. e4 Rxf3 29. gxf3 Qxh3 30. Qh2 Qxh2+ 31. Kxh2 Nd2 32. Kg2 Nxb1 33. Rxb1
d4 34. Kf2 Kf7 35. cxd4 exd4 36. Rc1 Re7 37. Bh4 Rd7 38. Ke1 Ke6 39. Bg3 Rf7
40. f4 h5 41. Rc5 Rd7 42. f5+ gxf5 43. exf5+ Kf7 44. f6 d3 45. Kd2 Kxf6 46.
Rxh5 Kg6 47. Re5 Rd4 48. Bf2 Rc4 49. Kxd3 Rc5+ 50. Kd4 Rc2 51. Be3 Rxb2 52. Kc3
Re2 53. Bd4 b6 54. Rxe2 Bxe2 55. Be5 Kf5 56. Bb8 a6 57. Ba7 b5 58. Kb4 Bc4 59.
a3 Ke4 60. a4 Kd5 61. axb5 1/2-1/2

[Event "Madrid-ch 2018-2019 - Previa A"]
[Site "Madrid ESP"]
[Date "2019.02.05"]
[Round "3.22"]
[White "Perez Cameselle, Francisco"]
[Black "Martinez Pascual, Gonzalo"]
[Result "0-1"]
[WhiteElo "1785"]
[BlackElo "1422"]
[PlyCount "91"]
[EventDate "2019.02.04"]
[EventType "swiss"]
[EventRounds "9"]
[EventCountry "ESP"]
[SourceTitle "Ajedrez en Madrid"]
[Source "lmi"]
[SourceDate "2019.02.04"]
[SourceVersion "1"]
[SourceVersionDate "2019.02.22"]
[SourceQuality "1"]

1. Nf3 e6 2. g3 c5 3. Bg2 g6 4. d3 Bg7 5. O-O d5 6. Nbd2 Ne7 7. e4 O-O 8. Qe2
Nbc6 9. c3 b6 10. e5 Ba6 11. Re1 Qc7 12. Nf1 h6 13. h4 Nf5 14. Bf4 Rad8 15.
N1h2 Kh7 16. Qd2 d4 17. c4 Bb7 18. Ng4 Qc8 19. Nf6+ Bxf6 20. exf6 h5 21. Ng5+
Kg8 22. Ne4 Kh7 23. Bh3 Nb4 24. a3 Na6 25. Bg2 Nb8 26. Ng5+ Kg8 27. Bxb7 Qxb7
28. Ne4 Kh7 29. Bxb8 Qxb8 30. Qg5 Rc8 31. Kg2 b5 32. b3 bxc4 33. bxc4 Qb3 34.
Qd2 Rfd8 35. Reb1 Qa4 36. Rb5 Nd6 37. Nxc5 Rxc5 38. Rxc5 Rb8 39. Rc7 Rb3 40. c5
Rxa3 41. Rxa3 Qxa3 42. cxd6 Qxd6 43. Rxf7+ Kg8 44. Rg7+ Kf8 45. Qh6 Qd5+ 46.
Kg1 0-1

[Event "Madrid-ch 2018-2019 - Previa A"]
[Site "Madrid ESP"]
[Date "2019.02.05"]
[Round "3.23"]
[White "Rubio Gonzalez, Beltran"]
[Black "Fernandez Rios, Jose Francisco"]
[Result "1/2-1/2"]
[WhiteElo "1579"]
[BlackElo "1780"]
[PlyCount "27"]
[EventDate "2019.02.04"]
[EventType "swiss"]
[EventRounds "9"]
[EventCountry "ESP"]
[SourceTitle "Ajedrez en Madrid"]
[Source "lmi"]
[SourceDate "2019.02.04"]
[SourceVersion "1"]
[SourceVersionDate "2019.02.22"]
[SourceQuality "1"]

1. d4 Nf6 2. Bf4 e6 3. Nf3 c5 4. e3 b6 5. Nbd2 Bb7 6. Bd3 Be7 7. h3 cxd4 8.
exd4 d6 9. O-O O-O 10. Re1 Nbd7 11. Ne4 Nxe4 12. Bxe4 Bxe4 13. Rxe4 Nf6 14. Re1
1/2-1/2

[Event "Madrid-ch 2018-2019 - Previa A"]
[Site "Madrid ESP"]
[Date "2019.02.05"]
[Round "3.26"]
[White "Lopez de Turiso, Jose Angel"]
[Black "Martinez Pintor, Juan"]
[Result "1-0"]
[WhiteElo "1970"]
[BlackElo "1604"]
[PlyCount "121"]
[EventDate "2019.02.04"]
[EventType "swiss"]
[EventRounds "9"]
[EventCountry "ESP"]
[SourceTitle "Ajedrez en Madrid"]
[Source "lmi"]
[SourceDate "2019.02.04"]
[SourceVersion "1"]
[SourceVersionDate "2019.02.22"]
[SourceQuality "1"]

1. e4 e6 2. d4 d5 3. Nc3 Nf6 4. Bg5 Bb4 5. Nge2 dxe4 6. a3 h6 7. Bxf6 Bxc3+ 8.
Nxc3 Qxf6 9. Nxe4 Qe7 10. Bd3 Bd7 11. O-O O-O 12. Qe2 Bc6 13. b4 Nd7 14. b5
Bxe4 15. Qxe4 Nf6 16. Qxb7 Nd5 17. c4 Nf4 18. Qe4 Nxd3 19. Qxd3 Qd6 20. Rfd1 c5
21. dxc5 Qxc5 22. a4 Rfc8 23. Rac1 a6 24. Qb3 Qb6 25. Qb4 Qc5 26. Qxc5 Rxc5 27.
Rc2 axb5 28. axb5 Ra4 29. Rdc1 Rb4 30. Kf1 Kf8 31. Ke2 Ke7 32. Kd3 e5 33. f3 f5
34. Ra1 Rb3+ 35. Rc3 Rb2 36. Ra7+ Kf6 37. Rca3 Rb4 38. R3a6+ Kg5 39. Rxg7+ Kf4
40. Rf6 Rb3+ 41. Kc2 Rb4 42. Rg4+ Ke3 43. Rxf5 Rbxb5 44. Rxe5+ Rxe5 45. cxb5
Rxb5 46. h4 Rb6 47. Kc3 Rd6 48. Re4+ Kf2 49. Rg4 Ke3 50. Kc4 Rd2 51. Re4+ Kf2
52. Rd4 Re2 53. Rg4 Rd2 54. f4 Ke3 55. g3 Ke4 56. Rg6 Rd4+ 57. Kc5 Rd3 58. Kc6
Kf5 59. h5 Ke4 60. Rxh6 Rxg3 61. Rf6 1-0

[Event "Madrid-ch 2018-2019 - Previa A"]
[Site "Madrid ESP"]
[Date "2019.02.05"]
[Round "3.27"]
[White "Lopez Peral, Enrique"]
[Black "Martinez Martinez, Javier II"]
[Result "1-0"]
[WhiteElo "1714"]
[BlackElo "1588"]
[PlyCount "145"]
[EventDate "2019.02.04"]
[EventType "swiss"]
[EventRounds "9"]
[EventCountry "ESP"]
[SourceTitle "Ajedrez en Madrid"]
[Source "lmi"]
[SourceDate "2019.02.04"]
[SourceVersion "1"]
[SourceVersionDate "2019.02.22"]
[SourceQuality "1"]

1. d4 Nf6 2. g3 g6 3. Bg2 Bg7 4. Nf3 d5 5. O-O O-O 6. c3 Nbd7 7. Bf4 Nh5 8. Be3
Nhf6 9. Qc1 Ng4 10. Bd2 e5 11. h3 e4 12. hxg4 exf3 13. exf3 Re8 14. Re1 Nf8 15.
Na3 c6 16. Qc2 Be6 17. Bf4 Qd7 18. Re2 Re7 19. Rae1 Rae8 20. Qd2 f6 21. Bh6
Bxh6 22. Qxh6 Bf7 23. Qd2 Rxe2 24. Rxe2 Rxe2 25. Qxe2 Qe6 26. Qe3 g5 27. Nc2
Bg6 28. Qxe6+ Nxe6 29. Ne3 b5 30. Bf1 Ng7 31. Be2 Kf8 32. Kf1 h5 33. gxh5 Nxh5
34. Ke1 Ng7 35. Kd2 Ke7 36. Bd3 Bxd3 37. Kxd3 Ke6 38. b3 a5 39. c4 b4 40. Nc2
f5 41. a3 bxa3 42. Nxa3 Kd6 43. c5+ Kc7 44. Nc2 Kb7 45. Ne1 Ka6 46. Kc3 Kb5 47.
Nd3 Ne6 48. Ne5 Nd8 49. Ng6 Ne6 50. Ne7 f4 51. Nc8 Ka6 52. Nd6 Ka7 53. Nf5 Ka6
54. Kb2 Kb5 55. Ka3 Nc7 56. Nd6+ Ka6 57. b4 axb4+ 58. Kxb4 Ne6 59. Nf5 g4 60.
fxg4 fxg3 61. Nxg3 Nxd4 62. f4 Nc2+ 63. Kc3 Ne3 64. g5 Kb5 65. g6 Ng4 66. Kd4
Nh6 67. g7 Ng8 68. Nf5 Ka6 69. Nd6 Ka7 70. f5 Kb8 71. Ne8 Kc8 72. f6 Kd8 73. f7
1-0

[Event "Madrid-ch 2018-2019 - Previa A"]
[Site "Madrid ESP"]
[Date "2019.02.05"]
[Round "3.28"]
[White "De Dompablo Fantova, Juan"]
[Black "Ramos Antona, Enrique"]
[Result "1-0"]
[WhiteElo "1678"]
[BlackElo "1521"]
[PlyCount "52"]
[EventDate "2019.02.04"]
[EventType "swiss"]
[EventRounds "9"]
[EventCountry "ESP"]
[SourceTitle "Ajedrez en Madrid"]
[Source "lmi"]
[SourceDate "2019.02.04"]
[SourceVersion "1"]
[SourceVersionDate "2019.02.22"]
[SourceQuality "1"]

1. e4 d6 2. d4 Nf6 3. Nc3 g6 4. f3 c6 5. Be3 b5 6. Qd2 Nbd7 7. g4 Nb6 8. Nh3
Bb7 9. g5 Nfd7 10. Nf2 Qc7 11. h4 e5 12. Ng4 O-O-O 13. d5 a6 14. a4 Nc4 15.
Bxc4 bxc4 16. a5 Bg7 17. Na4 c5 18. b4 f5 19. gxf6 Bxf6 20. Nxf6 Nxf6 21. bxc5
dxc5 22. Bxc5 Nxd5 23. exd5 Rxd5 24. Nb6+ Kb8 25. Nxd5 Qxc5 26. Nb6 Bxf3 1-0

[Event "Madrid-ch 2018-2019 - Previa A"]
[Site "Madrid ESP"]
[Date "2019.02.05"]
[Round "3.29"]
[White "Becerra Baigorri, Jose"]
[Black "Marcelo De La Mata, Daniel"]
[Result "1-0"]
[WhiteElo "1479"]
[BlackElo "1649"]
[PlyCount "57"]
[EventDate "2019.02.04"]
[EventType "swiss"]
[EventRounds "9"]
[EventCountry "ESP"]
[SourceTitle "Ajedrez en Madrid"]
[Source "lmi"]
[SourceDate "2019.02.04"]
[SourceVersion "1"]
[SourceVersionDate "2019.02.22"]
[SourceQuality "1"]

1. e4 c6 2. d4 d5 3. Nc3 dxe4 4. Nxe4 Nf6 5. Nxf6+ exf6 6. Nf3 Be6 7. c3 Be7 8.
Bd3 Nd7 9. Be3 Nb6 10. Qc2 Qc7 11. b3 a5 12. O-O Nd5 13. Bd2 Nf4 14. Rfe1 Nxd3
15. Qxd3 O-O 16. a4 Bxb3 17. c4 Bxc4 18. Qxc4 Bd6 19. Rab1 Rfe8 20. Rxe8+ Rxe8
21. Qb3 Re7 22. Qb6 g5 23. Qxc7 Bxc7 24. g3 b6 25. Be3 Rd7 26. Nd2 Bd8 27. Nc4
Rb7 28. Nxa5 Ra7 29. Nxc6 1-0

[Event "Madrid-ch 2018-2019 - Previa A"]
[Site "Madrid ESP"]
[Date "2019.02.05"]
[Round "3.30"]
[White "Castro Uceda, Jose Antonio"]
[Black "Rodriguez Bachiller, Luis"]
[Result "1/2-1/2"]
[WhiteElo "1518"]
[BlackElo "1635"]
[PlyCount "41"]
[EventDate "2019.02.04"]
[EventType "swiss"]
[EventRounds "9"]
[EventCountry "ESP"]
[SourceTitle "Ajedrez en Madrid"]
[Source "lmi"]
[SourceDate "2019.02.04"]
[SourceVersion "1"]
[SourceVersionDate "2019.02.22"]
[SourceQuality "1"]

1. d4 Nf6 2. Bf4 d5 3. e3 e6 4. Nf3 c5 5. c3 Bd6 6. Bg3 Nc6 7. Bd3 O-O 8. Bh4
cxd4 9. exd4 Be7 10. Nbd2 Ne8 11. Bxe7 Qxe7 12. O-O Qf6 13. Re1 Nd6 14. Ne5 g6
15. Qg4 Qg7 16. Qg3 Nf5 17. Bxf5 gxf5 18. Qf4 Nxe5 19. dxe5 Qg4 20. Qh6 Qg6 21.
Qf4 1/2-1/2

[Event "Madrid-ch 2018-2019 - Previa A"]
[Site "Madrid ESP"]
[Date "2019.02.05"]
[Round "3.31"]
[White "Abad Martin-Camuñas, Luis"]
[Black "Mejias Gonzalez, Pedro"]
[Result "0-1"]
[WhiteElo "1373"]
[BlackElo "1574"]
[PlyCount "54"]
[EventDate "2019.02.04"]
[EventType "swiss"]
[EventRounds "9"]
[EventCountry "ESP"]
[SourceTitle "Ajedrez en Madrid"]
[Source "lmi"]
[SourceDate "2019.02.04"]
[SourceVersion "1"]
[SourceVersionDate "2019.02.22"]
[SourceQuality "1"]

1. d4 d5 2. Bf4 Nf6 3. e3 Bg4 4. Be2 Bxe2 5. Nxe2 e6 6. Nd2 Be7 7. Nf3 O-O 8.
O-O Nbd7 9. Rc1 Nh5 10. a3 Nxf4 11. Nxf4 c5 12. c3 c4 13. b4 b5 14. Re1 Nf6 15.
Ne5 Qc7 16. Nh5 a5 17. Nxf6+ Bxf6 18. Ng4 axb4 19. Nxf6+ gxf6 20. axb4 Ra3 21.
e4 dxe4 22. Rxe4 Qc6 23. Rh4 Qd5 24. h3 Kh8 25. Qc2 f5 26. Rh5 Rg8 27. Qd2
Qxg2# 0-1

[Event "Madrid-ch 2018-2019 - Previa A"]
[Site "Madrid ESP"]
[Date "2019.02.05"]
[Round "3.32"]
[White "Suarez Mencia, Roberto"]
[Black "Martinez Carrasco, Jesus"]
[Result "0-1"]
[WhiteElo "1388"]
[BlackElo "1567"]
[PlyCount "132"]
[EventDate "2019.02.04"]
[EventType "swiss"]
[EventRounds "9"]
[EventCountry "ESP"]
[SourceTitle "Ajedrez en Madrid"]
[Source "lmi"]
[SourceDate "2019.02.04"]
[SourceVersion "1"]
[SourceVersionDate "2019.02.22"]
[SourceQuality "1"]

1. c4 e5 2. g3 Nc6 3. Bg2 Nf6 4. e3 g6 5. Ne2 Bg7 6. d4 exd4 7. exd4 O-O 8. O-O
d6 9. Nbc3 Bd7 10. a3 Qc8 11. Nf4 Re8 12. c5 dxc5 13. dxc5 Rb8 14. b4 Ng4 15.
Bb2 a6 16. Qd2 Nge5 17. Rad1 Bg4 18. f3 Rd8 19. Qc1 Rxd1 20. Qxd1 Bd7 21. Nce2
Qe8 22. Nd5 Rc8 23. Bc1 Be6 24. f4 Ng4 25. h3 Nh6 26. f5 Nxf5 27. g4 Nfe7 28.
Nef4 Nxd5 29. Nxd5 f5 30. gxf5 Bxf5 31. Re1 Qd7 32. Bg5 Bxh3 33. Ne7+ Nxe7 34.
Qxd7 Bxd7 35. Rxe7 Bd4+ 36. Kh2 Bc6 37. Bh3 Re8 38. Rxe8+ Bxe8 39. Bc8 Be5+ 40.
Kh3 Bc6 41. Bd8 Kg7 42. a4 h6 43. b5 axb5 44. axb5 Bxb5 45. Bxb7 Bd7+ 46. Kg2
c6 47. Kf3 Bd4 48. Bb6 Kf6 49. Ke4 Bg1 50. Ba5 Bxc5 51. Bc3+ Ke6 52. Ba6 Ke7
53. Ke5 Bd6+ 54. Kd4 g5 55. Be2 g4 56. Bd2 h5 57. Bg5+ Kf7 58. Bd3 g3 59. Be4
Be7 60. Bf4 h4 61. Ke3 Ke6 62. Kf3 Bd6 63. Bg5 h3 64. Bc2 h2 65. Kg2 Ke5 66.
Kxg3 h1=Q 0-1

[Event "Madrid-ch 2018-2019 - Previa A"]
[Site "Madrid ESP"]
[Date "2019.02.05"]
[Round "3.33"]
[White "Santos Rodriguez, Jose"]
[Black "Sierra Garcia, Ricardo"]
[Result "1/2-1/2"]
[WhiteElo "1552"]
[BlackElo "1371"]
[PlyCount "107"]
[EventDate "2019.02.04"]
[EventType "swiss"]
[EventRounds "9"]
[EventCountry "ESP"]
[SourceTitle "Ajedrez en Madrid"]
[Source "lmi"]
[SourceDate "2019.02.04"]
[SourceVersion "1"]
[SourceVersionDate "2019.02.22"]
[SourceQuality "1"]

1. d4 Nf6 2. Bf4 e6 3. e3 d5 4. Nd2 Be7 5. Bd3 O-O 6. h3 Nbd7 7. Ngf3 c5 8. c3
c4 9. Bc2 b5 10. O-O Qb6 11. e4 Bb7 12. e5 Nh5 13. Bxh7+ Kh8 14. Be3 f5 15. Bg6
f4 16. Bxf4 Nxf4 17. Bc2 g5 18. Kh2 Rg8 19. g3 Nh5 20. Nh4 gxh4 21. Qxh5+ Kg7
22. Qh7+ Kf8 23. Bg6 Rg7 24. Qh8+ Rg8 25. Qh6+ Rg7 26. Rae1 Qd8 27. Re3 Kg8 28.
Nf3 Nf8 29. Bc2 Qe8 30. Nxh4 Bg5 31. Bg6 Bxh6 32. Bxe8 Rxe8 33. f4 Rf7 34. Ref3
Nh7 35. g4 Nf8 36. g5 Bg7 37. Kg3 Bc8 38. Ng2 Ng6 39. h4 Ne7 40. h5 Nf5+ 41.
Kf2 Bf8 42. Rh1 Rh7 43. g6 Rh6 44. Ne3 Ng7 45. Rfh3 Nf5 46. Ng4 Bg7 47. Rg1 Rf8
48. Kf3 Ne7 49. Nxh6+ Bxh6 50. Rh4 Nf5 51. Rhg4 Ng7 52. Rh1 a5 53. Ke3 Rf5 54.
Rgh4 1/2-1/2

[Event "Madrid-ch 2018-2019 - Previa A"]
[Site "Madrid ESP"]
[Date "2019.02.05"]
[Round "3.34"]
[White "Diaz Del Prado, Carlos"]
[Black "De Juan Rivas, Antonio"]
[Result "1/2-1/2"]
[WhiteElo "1308"]
[BlackElo "1541"]
[PlyCount "108"]
[EventDate "2019.02.04"]
[EventType "swiss"]
[EventRounds "9"]
[EventCountry "ESP"]
[SourceTitle "Ajedrez en Madrid"]
[Source "lmi"]
[SourceDate "2019.02.04"]
[SourceVersion "1"]
[SourceVersionDate "2019.02.22"]
[SourceQuality "1"]

1. d4 Nf6 2. Nf3 g6 3. e3 d6 4. Bd3 Bg7 5. O-O O-O 6. Nbd2 Nc6 7. c3 e5 8. e4
Nh5 9. d5 Nb8 10. Re1 Nf4 11. Bc2 c6 12. Nf1 Bg4 13. Bxf4 exf4 14. h3 Bd7 15.
dxc6 Bxc6 16. Nd4 Bd7 17. Nf3 Qb6 18. Rb1 Qc7 19. Qd5 Be6 20. Qd2 Bxa2 21. Ra1
Be6 22. Qxf4 Nc6 23. Ng3 Ne5 24. Qe3 Nc4 25. Qc1 Qb6 26. Nd4 Bd7 27. b3 Na5 28.
Qe3 Nc6 29. Nge2 a6 30. Nxc6 Qxc6 31. Rad1 Rfe8 32. Nd4 Qc7 33. c4 d5 34. Qd3
dxe4 35. Rxe4 Rxe4 36. Qxe4 Re8 37. Qd3 Qf4 38. Ne2 Qc7 39. Qxd7 Qxd7 40. Rxd7
Rxe2 41. Bd3 Re1+ 42. Bf1 b6 43. Rd8+ Bf8 44. Rb8 Re6 45. g3 Kg7 46. Bg2 Bc5
47. Bf3 a5 48. Kf1 Re7 49. Rb7 Re6 50. Bd5 Rf6 51. f4 g5 52. Ke2 gxf4 53. g4 h6
54. Kf3 Bd4 1/2-1/2

[Event "Madrid-ch 2018-2019 - Previa A"]
[Site "Madrid ESP"]
[Date "2019.02.05"]
[Round "3.35"]
[White "Fernandez Sanchez, Jose M"]
[Black "Enriquez Pastor, Jorge"]
[Result "0-1"]
[WhiteElo "1151"]
[BlackElo "1492"]
[PlyCount "152"]
[EventDate "2019.02.04"]
[EventType "swiss"]
[EventRounds "9"]
[EventCountry "ESP"]
[SourceTitle "Ajedrez en Madrid"]
[Source "lmi"]
[SourceDate "2019.02.04"]
[SourceVersion "1"]
[SourceVersionDate "2019.02.22"]
[SourceQuality "1"]

1. e4 e6 2. d4 d5 3. Nc3 Nf6 4. exd5 exd5 5. Nf3 Be7 6. Bd3 O-O 7. Be3 c6 8.
O-O Nbd7 9. Re1 Re8 10. Bg5 Bd6 11. Qd2 Be7 12. Ne2 Ne4 13. Bxe4 dxe4 14. Bxe7
Rxe7 15. Ng5 Nf6 16. Ng3 c5 17. c3 Qd5 18. c4 Qxd4 19. Qxd4 cxd4 20. N3xe4 Nxe4
21. Rxe4 Rxe4 22. Nxe4 Be6 23. c5 Rd8 24. a3 d3 25. Nd2 Rc8 26. b4 b6 27. Rc1
bxc5 28. Rxc5 Re8 29. f4 Bg4 30. Re5 Rd8 31. Re7 Ra8 32. a4 Kf8 33. Rc7 a6 34.
Kf2 Bd1 35. b5 axb5 36. axb5 Rb8 37. Ke3 Bc2 38. Rc5 Re8+ 39. Kd4 Rb8 40. Kc4
Rb7 41. Rc6 Ke7 42. b6 Kd7 43. Rc7+ Rxc7+ 44. bxc7 Kxc7 45. Kd5 Kd7 46. g4 Ke7
47. Ke5 f6+ 48. Kd5 Bd1 49. g5 f5 50. h4 g6 51. Kd4 Be2 52. Ke3 Kd6 53. Nb3 Kd5
54. Nc1 Kc4 55. Nxe2 dxe2 56. Kxe2 Kd4 57. Kf3 Kd3 58. Kf2 Ke4 59. Kg3 Ke3 60.
Kg2 Kxf4 61. Kh3 Kf3 62. Kh2 Kg4 63. Kg2 Kxh4 64. Kh2 Kxg5 65. Kg3 h5 66. Kf3
h4 67. Kg2 Kg4 68. Kh2 Kf3 69. Kh3 g5 70. Kh2 f4 71. Kh1 Ke2 72. Kg2 f3+ 73.
Kg1 f2+ 74. Kh2 g4 75. Kg2 f1=Q+ 76. Kh2 g3# 0-1

[Event "Madrid-ch 2018-2019 - Previa A"]
[Site "Madrid ESP"]
[Date "2019.02.08"]
[Round "4.1"]
[White "Bello Burguet, Glenier Lazaro"]
[Black "Garcia Diez, Mariano"]
[Result "1-0"]
[WhiteElo "1934"]
[BlackElo "1863"]
[PlyCount "69"]
[EventDate "2019.02.04"]
[EventType "swiss"]
[EventRounds "9"]
[EventCountry "ESP"]
[SourceTitle "Ajedrez en Madrid"]
[Source "lmi"]
[SourceDate "2019.02.04"]
[SourceVersion "1"]
[SourceVersionDate "2019.02.22"]
[SourceQuality "1"]

1. Nf3 e6 2. g3 f5 3. Bg2 Nf6 4. c4 d5 5. O-O Bd6 6. d3 c6 7. Nc3 O-O 8. e4
dxe4 9. dxe4 e5 10. exf5 Bxf5 11. Ng5 Na6 12. Nge4 Be7 13. Qe2 Qc7 14. Nxf6+
Bxf6 15. Be4 Be7 16. Be3 Nc5 17. Bxf5 Rxf5 18. b4 Ne6 19. c5 Ng5 20. Qc4+ Kh8
21. Bxg5 Rxg5 22. Ne4 Rg6 23. Rad1 a5 24. a3 axb4 25. axb4 Rd8 26. Rd3 b5 27.
cxb6 Qxb6 28. Rxd8+ Qxd8 29. Ra1 h5 30. Qf7 Kh7 31. Qf5 Qd5 32. Ra7 Qd1+ 33.
Kg2 Bxb4 34. Ng5+ Kh6 35. Nf7+ 1-0

[Event "Madrid-ch 2018-2019 - Previa A"]
[Site "Madrid ESP"]
[Date "2019.02.08"]
[Round "4.2"]
[White "Garcia Galeote, Lorenzo"]
[Black "Cabañas Bravo, Juan Andres"]
[Result "0-1"]
[WhiteElo "1855"]
[BlackElo "1916"]
[PlyCount "106"]
[EventDate "2019.02.04"]
[EventType "swiss"]
[EventRounds "9"]
[EventCountry "ESP"]
[SourceTitle "Ajedrez en Madrid"]
[Source "lmi"]
[SourceDate "2019.02.04"]
[SourceVersion "1"]
[SourceVersionDate "2019.02.22"]
[SourceQuality "1"]

1. d4 Nf6 2. Nf3 g6 3. e3 Bg7 4. Be2 d5 5. O-O O-O 6. b3 c5 7. Bb2 cxd4 8. exd4
Nc6 9. Ne5 Ne4 10. Nd2 Nd6 11. Ndf3 Bf5 12. Bd3 Qc7 13. Nxc6 bxc6 14. Bxf5 Nxf5
15. c3 c5 16. Qd3 Rfc8 17. Rfc1 c4 18. Qe2 a5 19. Ba3 Bh6 20. Rc2 cxb3 21. axb3
a4 22. b4 Bg7 23. Rd1 Qc4 24. Rd3 Nd6 25. Nd2 Qa6 26. Nb1 Nb5 27. Qd2 Nd6 28.
Ra2 Rc6 29. Bb2 Qc4 30. Ba3 Rac8 31. h4 Nb5 32. Bc1 Bh6 33. Qxh6 Qxd3 34. Ra1
Nxd4 35. Bd2 Nf5 36. Qf4 Rc4 37. Qf3 Qxf3 38. gxf3 Nxh4 39. Be3 Ra8 40. Ra3
Nxf3+ 41. Kf1 g5 42. Ke2 g4 43. Nd2 Nxd2 44. Kxd2 h5 45. Bc5 e5 46. Bd6 f6 47.
b5 Ra5 48. Bb4 Rxb5 49. Rxa4 Rb7 50. Ra6 Rf4 51. Bc5 h4 52. Be3 Rf3 53. Rd6 h3
0-1

[Event "Madrid-ch 2018-2019 - Previa A"]
[Site "Madrid ESP"]
[Date "2019.02.08"]
[Round "4.4"]
[White "Lopez Orellana, Federico"]
[Black "Gueler Berdasco, Martin"]
[Result "1/2-1/2"]
[WhiteElo "1732"]
[BlackElo "1904"]
[PlyCount "45"]
[EventDate "2019.02.04"]
[EventType "swiss"]
[EventRounds "9"]
[EventCountry "ESP"]
[SourceTitle "Ajedrez en Madrid"]
[Source "lmi"]
[SourceDate "2019.02.04"]
[SourceVersion "1"]
[SourceVersionDate "2019.02.22"]
[SourceQuality "1"]

1. d4 Nf6 2. Bg5 c5 3. c3 e6 4. e3 cxd4 5. exd4 Be7 6. Bd3 a6 7. Nf3 b5 8. Nbd2
Bb7 9. O-O d5 10. Qe2 Nbd7 11. Ne5 Nxe5 12. dxe5 Nd7 13. Bxe7 Qxe7 14. Kh1 O-O
15. Rfe1 Qg5 16. Nf3 Qg4 17. Qc2 Nc5 18. Bf1 Ne4 19. Nd4 Rac8 20. f3 Ng3+ 21.
hxg3 Qxd4 22. Rac1 Qc5 23. Qd2 1/2-1/2

[Event "Madrid-ch 2018-2019 - Previa A"]
[Site "Madrid ESP"]
[Date "2019.02.08"]
[Round "4.6"]
[White "Jimenez Gonzalez, Marcos"]
[Black "Camarero Izquierdo, Juan Carlos"]
[Result "1-0"]
[WhiteElo "1757"]
[BlackElo "1867"]
[PlyCount "115"]
[EventDate "2019.02.04"]
[EventType "swiss"]
[EventRounds "9"]
[EventCountry "ESP"]
[SourceTitle "Ajedrez en Madrid"]
[Source "lmi"]
[SourceDate "2019.02.04"]
[SourceVersion "1"]
[SourceVersionDate "2019.02.22"]
[SourceQuality "1"]

1. d4 f5 2. g3 d5 3. Bg2 e6 4. Nf3 c6 5. O-O Bd6 6. c4 Nf6 7. b3 Qe7 8. Nbd2
Nbd7 9. Bb2 O-O 10. Ne5 Bxe5 11. dxe5 Ng4 12. Nf3 f4 13. Qc1 Qf7 14. h3 Nh6 15.
g4 Re8 16. e3 Nc5 17. Bd4 Ne4 18. c5 g5 19. Nxg5 Nxg5 20. exf4 Ne4 21. f5 Nxf5
22. gxf5 Qxf5 23. Qe3 Kh8 24. Kh2 Bd7 25. Bxe4 dxe4 26. f3 Rf8 27. fxe4 Qxf1
28. Rxf1 Rxf1 29. Qd3 Raf8 30. Be3 Be8 31. Qd6 Bg6 32. Bg5 R8f2+ 33. Kg3 Kg7
34. Qxe6 Rf3+ 35. Kh4 Rf4+ 36. Bxf4 Rxf4+ 37. Kg3 Rxe4 38. Qf6+ Kh6 39. Kf3 Re1
40. Kf2 Ra1 41. e6 Rxa2+ 42. Kf1 Kh5 43. e7 Ra3 44. Qb2 Ra6 45. Qe2+ Kh6 46.
e8=Q Bxe8 47. Qxe8 b5 48. Kf2 Ra2+ 49. Kf3 a6 50. Qxc6+ Kg5 51. Qd5+ Kf6 52. c6
Rc2 53. Qd4+ Kf7 54. c7 a5 55. Qf4+ Kg7 56. Qd4+ Kh6 57. Qf6+ Kh5 58. Qf5+ 1-0

[Event "Madrid-ch 2018-2019 - Previa A"]
[Site "Madrid ESP"]
[Date "2019.02.08"]
[Round "4.7"]
[White "Estevez Sacristan, Deva"]
[Black "Fernandez Aransay, Fernando"]
[Result "1-0"]
[WhiteElo "1952"]
[BlackElo "1869"]
[PlyCount "49"]
[EventDate "2019.02.04"]
[EventType "swiss"]
[EventRounds "9"]
[EventCountry "ESP"]
[SourceTitle "Ajedrez en Madrid"]
[Source "lmi"]
[SourceDate "2019.02.04"]
[SourceVersion "1"]
[SourceVersionDate "2019.02.22"]
[SourceQuality "1"]

1. e4 c5 2. Nf3 d6 3. d4 cxd4 4. Nxd4 Nf6 5. Nc3 g6 6. Be3 Bg7 7. f3 O-O 8. Qd2
Nc6 9. Bc4 Bd7 10. O-O-O Rc8 11. Bb3 Ne5 12. Kb1 Re8 13. g4 Nc4 14. Bxc4 Rxc4
15. h4 h5 16. g5 Nh7 17. f4 Bg4 18. Rdg1 Qd7 19. b3 Rcc8 20. Rf1 a6 21. Nd5 Qd8
22. f5 b5 23. Qf2 Rc5 24. f6 Rxd5 25. fxg7 1-0